[Event "ICS rated blitz match"]
[Site "204.178.125.65"]
[Date "1999.11.11"]
[Round "?"]
[White "Arschloch"]
[Black "Hossa"]
[Result "0-1"]
[WhiteElo "2251"]
[BlackElo "2484"]
[PlyCount "84"]
[EventDate "1999.??.??"]

1. e4 e5 2. Nf3 Nc6 3. Bb5 a6 4. Ba4 Nf6 5. O-O Nxe4 6. d4 b5 7. Bb3 d5 8. dxe5
Be6 9. Nbd2 Nc5 10. c3 Nxb3 11. Nxb3 Bg4 12. h3 Bxf3 13. Qxf3 Nxe5 14. Qg3 Ng6
15. f4 Be7 16. f5 Bh4 17. Qg4 h5 18. Qe2+ Ne7 19. Bd2 c6 20. Nd4 Rc8 21. Rf4
Bf6 22. Re1 c5 23. Nf3 O-O 24. Ne5 Qc7 25. Qxh5 Bxe5 26. Rh4 f6 27. Qh7+ Kf7
28. Rg4 Rg8 29. Bh6 Ke8 30. Bxg7 c4 31. Bxf6 Rxg4 32. Rxe5 Qb6+ 33. Kh2 Qxf6
34. Rxe7+ Qxe7 35. Qh5+ Kd7 36. Qxg4 Qe5+ 37. Kg1 Rf8 38. f6+ Kd6 39. Qg7 Qe3+
40. Kh2 Qf4+ 41. g3 Qf2+ 42. Kh1 42... Re8 {Arschloch resigns} 0-1

[Event "ICS rated blitz match"]
[Site "204.178.125.65"]
[Date "1999.11.11"]
[Round "?"]
[White "sixtyfifth"]
[Black "Hossa"]
[Result "0-1"]
[WhiteElo "2053"]
[BlackElo "2493"]
[PlyCount "38"]
[EventDate "1999.??.??"]

1. e4 e5 2. Nf3 Nc6 3. Bb5 a6 4. Ba4 Nf6 5. O-O Nxe4 6. d4 b5 7. Bb3 d5 8. dxe5
Be6 9. c3 Bc5 10. Qe2 O-O 11. Be3 f6 12. exf6 Qxf6 13. Bc2 Bd6 14. Bd4 Qh6 15.
Bxe4 Rxf3 16. g3 Nxd4 17. cxd4 dxe4 18. Qxe4 Raf8 19. Nc3 19... Bc4 {
sixtyfifth resigns} 0-1

[Event "ICS rated standard match"]
[Site "204.178.125.65"]
[Date "1999.11.11"]
[Round "?"]
[White "Walch"]
[Black "Hossa"]
[Result "1-0"]
[WhiteElo "2197"]
[BlackElo "2366"]
[PlyCount "99"]
[EventDate "1999.??.??"]

1. Nf3 d5 2. g3 c6 3. Bg2 Bg4 4. h3 Bh5 5. O-O Nd7 6. d4 e6 7. b3 Ngf6 8. c4
Bd6 9. Ba3 Bxa3 10. Nxa3 O-O 11. Nc2 Bxf3 12. Bxf3 Qe7 13. Rc1 Rfe8 14. Ne3 Qa3
15. Qc2 Rad8 16. Rfd1 Rc8 17. Rd3 Qd6 18. c5 Qe7 19. b4 Red8 20. Bg2 Ra8 21. a3
Rdc8 22. Rb1 b6 23. Rc3 bxc5 24. bxc5 Rcb8 25. Rcb3 Rxb3 26. Rxb3 a6 27. Rb7 e5
28. Nf5 Qe6 29. Rc7 Re8 30. Nd6 Re7 31. Rxc6 exd4 32. Nf5 Qxe2 33. Nxe7+ Qxe7
34. Qd2 Qe5 35. Rxa6 Nf8 36. Ra8 d3 37. Qb4 Qe7 38. c6 Qxb4 39. axb4 d2 40. Bf3
Ne4 41. c7 Ng5 42. c8=Q Nxf3+ 43. Kg2 h5 44. Qxf8+ Kh7 45. Qxf7 Ne1+ 46. Kf1
d1=Q 47. Qg8+ Kg6 48. Ra6+ Kf5 49. Qe6+ Kg5 50. f4# {Hossa checkmated} 1-0

[Event "ICS rated standard match"]
[Site "204.178.125.65"]
[Date "1999.11.11"]
[Round "?"]
[White "Hossa"]
[Black "Gregorio"]
[Result "1/2-1/2"]
[WhiteElo "2362"]
[BlackElo "2515"]
[PlyCount "299"]
[EventDate "1999.??.??"]

1. e4 e5 2. Nf3 Nc6 3. Bb5 a6 4. Ba4 Nf6 5. O-O Be7 6. Bxc6 dxc6 7. Nxe5 Nxe4
8. Qe2 Nc5 9. Re1 Ne6 10. c3 O-O 11. d4 Re8 12. Be3 Bd6 13. Qh5 g6 14. Qf3 f6
15. Nd3 Ng5 16. Qd1 Bf5 17. Qb3+ Nf7 18. Nc5 b6 19. Nb7 Bxh2+ 20. Kxh2 Qc8 21.
Na5 bxa5 22. Kg1 Rb8 23. Qa3 c5 24. Nd2 Qd7 25. Qxc5 Rxb2 26. Nb3 a4 27. Qa3
Rc2 28. Nc5 Qc6 29. Rac1 Nd6 30. Rxc2 Bxc2 31. Qc1 Bf5 32. c4 a3 33. d5 Qa8 34.
Qc3 Qb8 35. Nb3 Kf7 36. c5 Nb5 37. Qd2 Qd8 38. Rd1 Kg8 39. Bh6 Qe7 40. d6 Qd7
41. Nd4 Nxd4 42. Qxd4 Re5 43. Qb4 cxd6 44. cxd6 Bg4 45. Rc1 a5 46. Qxa3 Qf7 47.
Rb1 Qe8 48. Qc3 Qc8 49. Qd2 Bd7 50. Qd4 Qe8 51. Qc3 a4 52. a3 Qe6 53. Qd2 Kf7
54. Rd1 Re2 55. Qa5 g5 56. Qc7 Kg6 57. Bf8 Re1+ 58. Rxe1 Qxe1+ 59. Kh2 Qe5+ 60.
g3 Qe2 61. Qb6 Qh5+ 62. Kg1 Qd1+ 63. Kh2 Qf3 64. Qe3 Qxe3 65. fxe3 Kf5 66. Kg2
h5 67. Be7 Ke5 68. Kf3 h4 69. gxh4 gxh4 70. Kg2 Bf5 71. Kf3 Be6 72. e4 Bd7 73.
Bd8 h3 74. Be7 Bc8 75. Bd8 Be6 76. Bc7 Bd7 77. Bd8 f5 78. exf5 Bxf5 79. Bc7 Kd5
80. Kf2 Kc5 81. Kg3 Be6 82. Kf3 Bc8 83. Kg3 Bf5 84. Bb8 Kd5 85. Bc7 Bd7 86. Kf2
Be6 87. Bb8 Kc5 88. Kg3 Kc4 89. Ba7 Kd5 90. Bb8 Kc5 91. Bc7 Bd7 92. Bb8 Kc4 93.
Ba7 Kd5 94. Bb8 Ke4 95. Ba7 Bf5 96. Bb6 Be6 97. Ba7 Bd7 98. Bc5 Kd5 99. Bb4 Bf5
100. Kf2 Be6 101. Kf3 Ke5 102. Kg3 Bc8 103. Kf2 Kf4 104. Bd2+ Kg4 105. Bc3 Bd7
106. Be5 Kf5 107. Bc3 Kf4 108. Bd2+ Kg4 109. Bc3 Bc8 110. Ba5 Bf5 111. Bc3 Kf4
112. Ba5 Be6 113. Bb4 Ke4 114. Ba5 Kd4 115. Bb6+ Kd5 116. Bc7 Bg4 117. Kg3 Kc6
118. Bb8 Bc8 119. Kf2 Kd5 120. Kf3 Kd4 121. Ba7+ Ke5 122. Bb8 Kf6 123. Bc7 Ke6
124. Kg4 h2 125. d7 Bxd7 126. Bxh2 Kd5+ 127. Kg5 Ke4 128. Kf6 Bg4 129. Bc7 Bf5
130. Bb8 Bh3 131. Be5 Kd5 132. Bc3 Bc8 133. Bb2 Be6 134. Bc3 Bh3 135. Ba1 Bd7
136. Bb2 Bc8 137. Bc3 Be6 138. Bd4 Bg8 139. Bc3 Bh7 140. Ba1 Bd3 141. Be5 Bg6
142. Kxg6 Kxe5 143. Kf7 Kd5 144. Kf6 Kc4 145. Ke5 Kb3 146. Kd4 Kxa3 147. Kc3
Ka2 148. Kc2 a3 149. Kc1 Kb3 150. Kb1 {
Gregorio ran out of time and Hossa has no material to mate} 1/2-1/2

[Event "ICS Rated standard match"]
[Site "204.178.125.65"]
[Date "1999.11.12"]
[Round "?"]
[White "Mofongo"]
[Black "Hossa"]
[Result "1/2-1/2"]
[WhiteElo "2485"]
[BlackElo "2369"]
[PlyCount "166"]
[EventDate "1999.??.??"]

1. e4 e5 2. Bc4 Bc5 3. Nc3 Nf6 4. d3 O-O 5. Bg5 h6 6. Be3 Bxe3 7. fxe3 c6 8.
Nf3 d5 9. Bb3 Ng4 10. exd5 Nxe3 11. Qe2 Nxd5 12. Qe4 Nf6 13. Qe3 Ng4 14. Qe2
Nd7 15. h3 Ngf6 16. g4 a5 17. g5 hxg5 18. Nxg5 b5 19. Qf3 Nd5 20. Bxd5 cxd5 21.
Qxd5 Rb8 22. Rg1 Bb7 23. Qb3 Qe7 24. Nxb5 Bc6 25. a4 Qc5 26. O-O-O Bxb5 27.
axb5 Rxb5 28. Qc4 Qe3+ 29. Kb1 Qb6 30. b3 Rb4 31. Qd5 Rd4 32. Qg2 Qh6 33. c3
Rf4 34. Qd5 Qb6 35. Ne4 Rd8 36. Ka1 Qa7 37. Rg2 a4 38. Ra2 Qc7 39. bxa4 Nb8 40.
Qc5 Nc6 41. Qc4 Qd7 42. Rad2 Na5 43. Qb4 Qd5 44. c4 Qa8 45. Nd6 f6 46. Ka2 Nc6
47. Qa3 Rd7 48. Rg1 Ra7 49. Rdg2 g5 50. Kb3 Nd4+ 51. Kb4 Ra6 52. Ra2 Rxd6 53.
a5 Rf3 54. Rd1 Qc8 55. h4 gxh4 56. Qb2 Rg3 57. Kc3 Rc6 58. Qb4 Qd7 59. a6 Nf5
60. a7 Qd4+ 61. Kc2 Rc8 62. a8=Q Rxa8 63. Rxa8+ Kh7 64. Qb7+ Rg7 65. Qf3 Rg2+
66. Rd2 Ne3+ 67. Qxe3 Qxe3 68. Rxg2 f5 69. Rag8 e4 70. R2g7+ Kh6 71. Rg6+ Kh5
72. dxe4 fxe4 73. R6g7 Qf2+ 74. Kb3 Qb6+ 75. Ka4 Kh6 76. Rg4 Qa7+ 77. Kb5 Qd7+
78. Kb4 Kh7 79. R8g5 Kh6 80. Rg6+ Kh7 81. R6g5 Kh6 82. Rg6+ Kh7 83. R6g5 83...
Kh6 {Game drawn by repetition} 1/2-1/2

[Event "ICS rated bullet match"]
[Site "204.178.125.65"]
[Date "1999.11.12"]
[Round "?"]
[White "Hossa"]
[Black "Mofongo"]
[Result "0-1"]
[WhiteElo "2462"]
[BlackElo "2660"]
[PlyCount "104"]
[EventDate "1999.??.??"]

1. e4 e5 2. Nf3 Nc6 3. Bb5 a6 4. Ba4 Nf6 5. O-O Be7 6. Bxc6 dxc6 7. Nxe5 Nxe4
8. Qe2 Qd5 9. d3 Qxe5 10. dxe4 Be6 11. Nc3 O-O 12. Be3 Bb4 13. f4 Qd6 14. f5
Bxc3 15. bxc3 Bc8 16. f6 g6 17. Bf4 Qxf6 18. Bh6 Qxc3 19. Bxf8 Kxf8 20. Qf2 Be6
21. Qf4 Rc8 22. Qh6+ Kg8 23. Rab1 b5 24. Rf2 Bxa2 25. Rd1 Qh8 26. Qg5 h6 27.
Qc5 Qb2 28. Qxc6 Qa3 29. Qf6 Bc4 30. e5 a5 31. Qf4 Kh7 32. Qh4 a4 33. Qf6 Qe3
34. Qe7 c5 35. h4 a3 36. Ra1 a2 37. h5 gxh5 38. e6 Qxe6 39. Qa7 Qe5 40. Rd1 Rd8
41. Rc1 Qe3 42. Rcf1 Rd2 43. Kh1 Rxf2 44. Rxf2 Qxf2 45. Qxa2 Bxa2 46. c4 Qh4+
47. Kg1 Qe1+ 48. Kh2 Bxc4 49. Kh3 Be6+ 50. Kh2 c4 51. g3 Qf2+ 52. Kh1 52...
Bd5# {Hossa checkmated} 0-1

[Event "ICS rated blitz match"]
[Site "204.178.125.65"]
[Date "1999.11.12"]
[Round "?"]
[White "BOBCALDERIN"]
[Black "Hossa"]
[Result "1-0"]
[WhiteElo "2460"]
[BlackElo "2495"]
[PlyCount "139"]
[EventDate "1999.??.??"]

1. d4 Nf6 2. Nf3 e6 3. c4 b6 4. Nc3 d5 5. Bg5 dxc4 6. Qa4+ c6 7. Qxc4 Ba6 8.
Qb3 Be7 9. Rd1 O-O 10. g3 h6 11. Bxf6 Bxf6 12. Bg2 Re8 13. O-O Re7 14. Rfe1 Rd7
15. e3 Be7 16. Ne5 Rd6 17. Ne4 Rd5 18. Qc2 Bb7 19. Nc3 Ra5 20. a3 f6 21. Nc4
Rh5 22. Bf3 Rg5 23. h4 Rd5 24. Nxd5 cxd5 25. Nd2 f5 26. Rc1 Nc6 27. Be2 Rc8 28.
Qa4 Rc7 29. Nf3 Bf6 30. Ba6 Ba8 31. Rc3 e5 32. Rec1 exd4 33. exd4 Qe8 34. Bb5
Qh5 35. Kg2 Nxd4 36. Nxd4 Rxc3 37. bxc3 a5 38. Bc6 Bxc6 39. Qxc6 f4 40. Re1 Kh7
41. Qe6 fxg3 42. fxg3 a4 43. Qe2 Qg6 44. h5 Qf7 45. Qd3+ Kg8 46. Qf5 Bg5 47.
Qxf7+ Kxf7 48. Re6 Be7 49. Rxb6 Bxa3 50. Ra6 Bb2 51. Rxa4 Bxc3 52. Nf5 Kf6 53.
Ne3 Ke5 54. Rg4 d4 55. Nd1 Bb4 56. Rxg7 Bd2 57. Nf2 Kf5 58. Rd7 Be3 59. Kf3
Bxf2 60. Kxf2 Ke4 61. g4 d3 62. g5 hxg5 63. h6 Kf5 64. h7 Ke6 65. Rxd3 Ke7 66.
h8=Q Kf7 67. Rd6 g4 68. Qf6+ Kg8 69. Rd8+ Kh7 70. Rh8# {Hossa checkmated} 1-0

[Event "ICS rated bullet match"]
[Site "204.178.125.65"]
[Date "1999.11.12"]
[Round "?"]
[White "Hossa"]
[Black "FifthAvenue"]
[Result "1-0"]
[WhiteElo "2474"]
[BlackElo "2435"]
[PlyCount "73"]
[EventDate "1999.??.??"]

1. e4 d6 2. d4 e6 3. Bd3 Be7 4. Nf3 b6 5. O-O Nd7 6. Be3 Bb7 7. c4 c5 8. d5 e5
9. Nc3 Ngf6 10. Qe2 O-O 11. Rad1 Ne8 12. a3 Nc7 13. Rb1 Re8 14. Rfd1 Rb8 15. b3
Nf8 16. Nd2 Ng6 17. Qh5 Bc8 18. Nf3 Qd7 19. Ng5 Bxg5 20. Bxg5 Qg4 21. Qxg4 Bxg4
22. f3 Bd7 23. Ne2 a6 24. Be3 b5 25. Re1 bxc4 26. bxc4 Ba4 27. Rf1 Ne7 28. f4
f6 29. fxe5 fxe5 30. Bg5 Ng6 31. Bd2 Red8 32. Ba5 Rdc8 33. Rxb8 Rxb8 34. Bxc7
Rb3 35. Nc1 Rc3 36. Bxd6 Rxa3 37. Bxc5 {FifthAvenue resigns} 1-0

[Event "ICS rated bullet match"]
[Site "204.178.125.65"]
[Date "1999.11.12"]
[Round "?"]
[White "vodka"]
[Black "Hossa"]
[Result "1-0"]
[WhiteElo "2775"]
[BlackElo "2488"]
[PlyCount "57"]
[EventDate "1999.??.??"]

1. d4 d5 2. c4 dxc4 3. e4 e5 4. Nf3 exd4 5. Bxc4 Bb4+ 6. Bd2 Bxd2+ 7. Nbxd2 Nh6
8. Qa4+ Bd7 9. Qa3 Nc6 10. O-O Bg4 11. Bb5 a6 12. Bxc6+ bxc6 13. Rac1 f5 14.
Rfe1 Bxf3 15. Nxf3 f4 16. Rxc6 Rb8 17. Rxa6 Ng8 18. Rd1 c5 19. Qxc5 Rxb2 20.
Qh5+ g6 21. Qe5+ Kf8 22. Qxh8 Rb7 23. Ng5 Qxg5 24. Ra8+ Ke7 25. Qg7+ Kd6 26.
Ra6+ Kc5 27. Rc1+ Kb4 28. Qxd4+ Kb5 29. Qa4# {Hossa checkmated} 1-0

[Event "ICS rated bullet match"]
[Site "204.178.125.65"]
[Date "1999.11.12"]
[Round "?"]
[White "Hossa"]
[Black "vodka"]
[Result "0-1"]
[WhiteElo "2483"]
[BlackElo "2779"]
[PlyCount "136"]
[EventDate "1999.??.??"]

1. d4 d5 2. c4 c6 3. Nf3 e6 4. Nc3 Nf6 5. Bg5 Nbd7 6. e3 Qa5 7. cxd5 Nxd5 8.
Rc1 Bb4 9. Qb3 h6 10. Bh4 N7b6 11. a3 Bxc3+ 12. bxc3 O-O 13. e4 Nf4 14. Be7 Re8
15. Bd6 e5 16. Bb4 Qa4 17. Qxa4 Nxa4 18. dxe5 Bg4 19. Bd6 Rad8 20. h3 Bxf3 21.
gxf3 Ng6 22. c4 Nxe5 23. Bxe5 Rxe5 24. Rg1 f5 25. Bg2 Nc5 26. Rc3 Rd4 27. f4
Re8 28. e5 Nd3+ 29. Rxd3 Rxd3 30. Ke2 Rxa3 31. Rb1 Re7 32. h4 g6 33. Rd1 Rc3
34. Rd4 Rc2+ 35. Ke3 Kf7 36. Bf3 Rc3+ 37. Ke2 a5 38. Bg2 Rc2+ 39. Ke3 a4 40. c5
a3 41. Ra4 a2 42. Ra8 Rd7 43. Bf3 Rc3+ 44. Ke2 Rdd3 45. Bxc6 bxc6 46. Rxa2 Rd7
47. Ra5 Ke6 48. f3 Rd4 49. Ra6 Rxc5 50. Ke3 Kd5 51. Ra3 Rcc4 52. Ra5+ Ke6 53.
Rc5 Rxf4 54. Rxc4 Rxc4 55. f4 Rc3+ 56. Kf2 Rh3 57. h5 Rxh5 58. Ke3 Rh3+ 59. Kd4
Rf3 60. Kc5 Rxf4 61. Kxc6 h5 62. Kc5 h4 63. Kc6 h3 64. Kc5 h2 65. Kb6 h1=Q 66.
Kb5 Qd5+ 67. Ka6 Qb3 68. Ka5 68... Ra4# {Hossa checkmated} 0-1

[Event "ICS rated standard match"]
[Site "204.178.125.65"]
[Date "1999.11.12"]
[Round "?"]
[White "Hossa"]
[Black "gettinworse"]
[Result "1-0"]
[WhiteElo "2374"]
[BlackElo "2087"]
[PlyCount "109"]
[EventDate "1999.??.??"]

1. e4 f5 2. exf5 Nf6 3. d4 d5 4. Bd3 c5 5. dxc5 Nc6 6. Nf3 e6 7. fxe6 Bxc5 8.
Ng5 O-O 9. O-O h6 10. Nf7 Qe7 11. Nxh6+ gxh6 12. Bxh6 Rd8 13. Qc1 Kh8 14. Be3
Bd6 15. Bf4 Bxe6 16. Bxd6 Rxd6 17. Qf4 Ng4 18. Nd2 Rf8 19. Qg3 Nge5 20. Rfe1
Qg7 21. Qh4+ Kg8 22. Rab1 Nxd3 23. cxd3 Bf5 24. Re3 Rg6 25. Rg3 Rxg3 26. hxg3
Bxd3 27. Re1 Bf5 28. Nf3 Qxb2 29. Rd1 Be4 30. Qg4+ Qg7 31. Qe6+ Qf7 32. Qg4+
Kh8 33. Qh3+ Qh7 34. Nh4 Qh5 35. g4 Qh7 36. f3 Bd3 37. f4 Be4 38. Rf1 Re8 39.
a4 Bc2 40. g5 Kg8 41. Qg4 Bxa4 42. Nf5 Bb5 43. g6 Qc7 44. Nh6+ Kh8 45. Qh5 Bxf1
46. Ng4+ Kg8 47. Nf6+ Kf8 48. g7+ Kxg7 49. Nxe8+ Kf8 50. Nxc7 Bd3 51. Qg5 Kf7
52. Qxd5+ Kg7 53. Qxd3 Kf6 54. Qh7 Nd4 55. Ne8+ {gettinworse resigns} 1-0

[Event "ICS rated blitz match"]
[Site "204.178.125.65"]
[Date "1999.11.12"]
[Round "?"]
[White "Hossa"]
[Black "CYBERMEMERE"]
[Result "1-0"]
[WhiteElo "2492"]
[BlackElo "2075"]
[Annotator "Hiarcs 7.32 (22s)"]
[PlyCount "58"]
[EventDate "1999.??.??"]

1. e4 1... c5 {Opening = B34 - 4.Nd4 g6 (5.Nc3 Bg7 6.Be3 Nf6 7.---)} 2. Nf3 Nc6
3. d4 cxd4 4. Nxd4 g6 5. Nxc6 bxc6 6. Qd4 Nf6 7. e5 Ng8 (7... Nh5 8. Nc3 Qb6 9.
Qe4 f5 10. Qc4 Bg7 11. f4 d5 12. Qb3 Rb8 13. Be2 O-O 14. Qxb6 axb6 15. g3 Rd8
16. Bf3 Bf8 17. b4 e6 18. a3 Ba6 19. Bd2 Ng7 20. Kf2 Ne8 21. Rhb1 Nc7 22. a4 d4
23. Nd1 Nd5 24. b5 cxb5 25. axb5 Bb7 26. Ra7 Rdc8 27. Rc1 Rc5 28. c4 dxc3 29.
Nxc3 Nxc3 30. Rxb7 Rxb7 31. Bxb7 Nxb5 32. Ra1 Rc2 33. Ke3 Na3 34. Kd3 Rc7 35.
Ba6 b5 36. Rc1 Rd7+ 37. Ke2 Nc4 38. Be1 Rd5 39. Bb7 Rd8 40. Ba6 Rd5 41. Rb1 Na3
42. Rd1 Rxd1 43. Kxd1 Bc5 44. Kc1 Kf7 45. Kb2 g5 46. Kb3 g4 47. Bb4 Bxb4 48.
Kxb4 Nc4 49. Bxb5 {1/2-1/2 Beliavsky,A-Karlsson,L/Luzern olm 1982/BIG 80 (49)})
8. Bd3 Bg7 9. O-O 9... d6 $146 (9... Qa5 10. Bf4 f5 11. exf6 Nxf6 12. Bd2 Qc7
13. Qh4 O-O 14. Nc3 d5 15. f4 e6 16. Rae1 Bd7 17. g4 e5 18. f5 e4 19. Nxe4 Nxe4
20. Rxe4 dxe4 21. Bc4+ Kh8 22. f6 Rxf6 23. Rxf6 Qb6+ 24. Kg2 {
Garcia,O-Hernandez,T/Capablanca mem-C 1996/EXP 52/0-1 (34)}) 10. f4 Be6 11. Be3
dxe5 12. fxe5 Qxd4 13. Bxd4 c5 14. Bb5+ Kf8 15. Bxc5 Bxe5 16. c3 Kg7 17. Na3
Bd6 18. Bxd6 exd6 19. Bd3 Ne7 20. Rae1 Rab8 21. Nb5 a6 22. Nxd6 Rxb2 23. Rxf7+
Bxf7 24. Rxe7 Rf8 25. Bc4 Rb1+ 26. Kf2 Kf6 27. Rxf7+ Rxf7 28. Nxf7 Rc1 29. Nd6
29... Rxc3 $4 $18 {ein Ende mit Schrecken} (29... Ke5 $142 30. Nb7 Rxc3 31.
Bxa6 Rc2+ 32. Be2 32... Rxa2 $18) 1-0

[Event "ICS Rated blitz match"]
[Site "204.178.125.65"]
[Date "1999.11.12"]
[Round "?"]
[White "Hossa"]
[Black "lambChop"]
[Result "0-1"]
[WhiteElo "2495"]
[BlackElo "2504"]
[PlyCount "132"]
[EventDate "1999.??.??"]

1. e4 Nc6 2. d4 d5 3. Nc3 dxe4 4. d5 Nb8 5. Nxe4 Nf6 6. Nxf6+ exf6 7. Bc4 Bb4+
8. c3 Be7 9. Nf3 O-O 10. O-O Nd7 11. Re1 Nb6 12. Bb3 Bd6 13. c4 Bg4 14. h3 Bh5
15. g4 Bg6 16. Nh4 Re8 17. Rxe8+ Qxe8 18. Nxg6 hxg6 19. f3 a5 20. a3 Qe5 21. f4
Qe4 22. Qf1 a4 23. Ba2 Bxa3 24. Kh2 Bd6 25. h4 g5 26. hxg5 fxg5 27. c5 Bxc5 28.
Bb1 Qb4 29. Qh3 Qd4 30. Qh7+ Kf8 31. Kh3 Qf2 32. Be4 gxf4 33. Qh8+ Ke7 34. Qh4+
Qxh4+ 35. Kxh4 Rh8+ 36. Kg5 Bd6 37. Bd2 Rh6 38. Bf3 Nc4 39. Re1+ Kd7 40. Bc1
f6+ 41. Kf5 Be5 42. Ke4 Nd6+ 43. Kd3 Rh3 44. Rf1 g5 45. Rf2 f5 46. Ke2 Ne4 47.
Rg2 a3 48. bxa3 Nc3+ 49. Ke1 Rxf3 50. gxf5 Rd3 51. Bb2 f3 52. Rxg5 Rd1+ 53. Kf2
Ne4+ 54. Kxf3 Nxg5+ 55. Ke2 Rxd5 56. Bc1 Ne4 57. Kf3 Nd6 58. Kg4 Rd3 59. a4
Rg3+ 60. Kh5 Nxf5 61. Bd2 Rg2 62. Bg5 Ke6 63. a5 c5 64. Bd8 Bf6 65. Bxf6 Kxf6
66. a6 66... Rg5# {Hossa checkmated} 0-1

[Event "ICS Rated blitz match"]
[Site "204.178.125.65"]
[Date "1999.11.12"]
[Round "?"]
[White "Nicy"]
[Black "Hossa"]
[Result "0-1"]
[WhiteElo "2265"]
[BlackElo "2479"]
[PlyCount "36"]
[EventDate "1999.??.??"]

1. d3 e5 2. g3 d5 3. Bg2 Nf6 4. Bg5 Nc6 5. Nd2 Be7 6. e4 dxe4 7. dxe4 O-O 8.
Ngf3 h6 9. Be3 Ng4 10. Qe2 f5 11. exf5 Bxf5 12. Rc1 Nxe3 13. Qxe3 Qd5 14. a3 e4
15. Ng1 Bg5 16. Qe2 Nd4 17. Qd1 Rae8 18. Ne2 18... Bg4 {Nicy resigns} 0-1

[Event "ICS rated blitz match"]
[Site "204.178.125.65"]
[Date "1999.11.12"]
[Round "?"]
[White "Hossa"]
[Black "MissSilicon"]
[Result "0-1"]
[WhiteElo "2486"]
[BlackElo "2708"]
[PlyCount "122"]
[EventDate "1999.??.??"]

1. e4 d5 2. exd5 Qxd5 3. Nc3 Qa5 4. d4 c6 5. Nf3 Bg4 6. Be2 Nd7 7. O-O e6 8.
Ne4 Ngf6 9. h3 Nxe4 10. hxg4 Bd6 11. Bd3 Nef6 12. g5 Nd5 13. Bd2 Qb6 14. Rb1 c5
15. c4 Nf4 16. Bc3 O-O 17. Be4 Qc7 18. d5 f5 19. gxf6 Nxf6 20. Bxf6 Rxf6 21.
dxe6 Rxe6 22. Re1 Re7 23. Bd5+ Kh8 24. Rxe7 Bxe7 25. Qb3 Nxd5 26. cxd5 c4 27.
Qe3 Bc5 28. Qe4 Rf8 29. Rf1 Rf4 30. Qe2 Qd6 31. Qe6 Rf6 32. Qxd6 Rxd6 33. Rd1
Rb6 34. Rd2 Bd6 35. Ng5 c3 36. Re2 g6 37. b3 Kg7 38. Ne6+ Kf6 39. Re3 Rb5 40.
Rf3+ Ke7 41. Nd4 Rxd5 42. Re3+ Kf7 43. Nc2 Rd2 44. Rf3+ Kg7 45. g4 Rxc2 46. Rd3
Be5 47. Rd7+ Kf6 48. g5+ Ke6 49. Rd1 Rxa2 50. Kg2 Bf4 51. Re1+ Kf5 52. Re7 c2
53. Re1 Rb2 54. Ra1 b5 55. Rh1 Rb1 56. b4 Rxh1 57. Kxh1 c1=Q+ 58. Kg2 Ke4 59.
f3+ Ke3 60. Kh3 Qh1+ 61. Kg4 61... Qh5# {Hossa checkmated} 0-1

[Event "ICS Rated blitz match"]
[Site "204.178.125.65"]
[Date "1999.11.12"]
[Round "?"]
[White "lambChop"]
[Black "Hossa"]
[Result "1-0"]
[WhiteElo "2535"]
[BlackElo "2479"]
[PlyCount "107"]
[EventDate "1999.??.??"]

1. e4 e5 2. Nf3 Nc6 3. Bb5 a6 4. Ba4 Nf6 5. O-O Be7 6. Re1 b5 7. Bb3 d6 8. c3
O-O 9. h3 Be6 10. d3 Na5 11. Bxe6 fxe6 12. Be3 Nc6 13. Nbd2 d5 14. Qb3 Qd6 15.
a4 b4 16. cxb4 d4 17. Bxd4 Nxd4 18. Nxd4 Qxd4 19. Qxe6+ Rf7 20. Nf3 Qd6 21.
Qxe5 Qxd3 22. Qxc7 Qd6 23. Qxd6 Bxd6 24. b5 Bb4 25. Rec1 axb5 26. axb5 Re8 27.
e5 Nd5 28. Rd1 Nf4 29. Ra4 Bf8 30. h4 Ng6 31. Re4 Rxf3 32. gxf3 Rxe5 33. Rxe5
Nxe5 34. b6 Nxf3+ 35. Kg2 Ne5 36. b7 Nc6 37. Rc1 Nb8 38. Rc8 Kf7 39. Rxb8 Bd6
40. Rc8 g6 41. b4 Bf4 42. Kf3 Bd6 43. Ke4 Ke7 44. Kd5 Bf4 45. Kc6 Ke6 46. b5 h6
47. Rf8 Bd6 48. Re8+ Be7 49. b8=Q Kf7 50. Rg8 Ke6 51. Qf4 Ba3 52. Qe4+ Kf6 53.
Kd5 h5 54. Qe6# {Hossa checkmated} 1-0

[Event "ICS Rated blitz match"]
[Site "204.178.125.65"]
[Date "1999.11.12"]
[Round "?"]
[White "lambChop"]
[Black "Hossa"]
[Result "0-1"]
[WhiteElo "2551"]
[BlackElo "2463"]
[PlyCount "156"]
[EventDate "1999.??.??"]

1. e4 e5 2. Nf3 Nc6 3. d4 exd4 4. Nxd4 Nf6 5. Nxc6 bxc6 6. Qd4 Bb7 7. Bg5 Be7
8. Nc3 c5 9. Qe5 O-O 10. f3 Re8 11. Bxf6 Bxf6 12. Qxc5 d6 13. Qa3 d5 14. O-O-O
c6 15. exd5 cxd5 16. Bb5 Re6 17. Kb1 a6 18. Bd3 Qc7 19. Bf5 Re5 20. Bh3 Rb8 21.
Rd3 Rd8 22. Qa4 a5 23. Rhd1 Bc6 24. Qf4 Qb7 25. b3 Ree8 26. Bf5 Qb6 27. Na4 Qf2
28. R3d2 Qa7 29. Nb2 Qe7 30. Rf2 Qc5 31. Qd2 Qa3 32. Nd3 g6 33. Bh3 Bd4 34.
Rff1 Bg7 35. Rde1 Bb5 36. Rxe8+ Rxe8 37. Re1 Rxe1+ 38. Qxe1 Bf6 39. Ne5 a4 40.
f4 axb3 41. axb3 Ba6 42. Qc3 Kg7 43. Bd7 h6 44. Qd4 Bb7 45. Qb6 Qa8 46. Bb5 Bd8
47. Qd6 Qa5 48. Qd7 Qc7 49. Qe8 Bf6 50. Nd7 Qd6 51. Nxf6 Qxf6 52. Qd7 Qb6 53.
g4 Ba8 54. Bd3 Bc6 55. Qd6 Qg1+ 56. Kb2 Qd4+ 57. Ka3 Qc3 58. Ka2 d4 59. Qe5+
Kg8 60. Qh8+ Kxh8 61. f5 g5 62. f6 Bd5 63. Bf5 Be6 64. Be4 Bxg4 65. Bd3 h5 66.
Kb1 Qe1+ 67. Kb2 Qe5 68. b4 Be2 69. Kb3 Bxd3 70. cxd3 Qe6+ 71. Ka3 Qa6+ 72. Kb2
Qxd3 73. h4 Qc3+ 74. Ka2 d3 75. hxg5 d2 76. g6 d1=Q 77. g7+ Kg8 78. b5 78...
Qdc2# {lambChop checkmated} 0-1

[Event "ICS Rated blitz match"]
[Site "204.178.125.65"]
[Date "1999.11.12"]
[Round "?"]
[White "Hossa"]
[Black "Amateur"]
[Result "1-0"]
[WhiteElo "2483"]
[BlackElo "2384"]
[PlyCount "117"]
[EventDate "1999.??.??"]

1. e4 e6 2. d4 d5 3. Nc3 Nf6 4. e5 Nfd7 5. f4 c5 6. Nf3 Nc6 7. Be3 cxd4 8. Nxd4
Bc5 9. Qd2 Bxd4 10. Bxd4 Nxd4 11. Qxd4 Qb6 12. Qxb6 Nxb6 13. Nb5 O-O 14. O-O-O
Bd7 15. Nd6 Bc6 16. b4 Rfb8 17. g4 Na4 18. b5 Bd7 19. Rd4 Nc5 20. c4 a6 21.
bxa6 Rxa6 22. Rd2 Ra4 23. h4 dxc4 24. Bxc4 b5 25. Be2 b4 26. Rhd1 b3 27. Bc4
bxa2 28. Rxa2 Rab4 29. Ra7 Ba4 30. Re1 Nd7 31. Kd2 Bc6 32. Rc7 R8b6 33. f5 Nf8
34. Nc8 Rxc4 35. Nxb6 Rd4+ 36. Kc3 Re4 37. Rxe4 Bxe4 38. Rc8 exf5 39. Nd7 g6
40. Nxf8 Kg7 41. e6 fxe6 42. Nxe6+ Kf6 43. Ng5 Ke5 44. Nxe4 Kxe4 45. Re8+ Kf4
46. gxf5 Kxf5 47. Re7 h6 48. Rf7+ Kg4 49. Rf6 g5 50. hxg5 Kxg5 51. Rf1 h5 52.
Kd4 h4 53. Ke4 Kg4 54. Rg1+ Kh3 55. Rg5 Kh2 56. Rg4 h3 57. Kf3 Kh1 58. Rh4 Kh2
59. Kf2 {Amateur resigns} 1-0

[Event "ICS Rated blitz match"]
[Site "204.178.125.65"]
[Date "1999.11.12"]
[Round "?"]
[White "Amateur"]
[Black "Hossa"]
[Result "1-0"]
[WhiteElo "2372"]
[BlackElo "2495"]
[PlyCount "141"]
[EventDate "1999.??.??"]

1. e4 e5 2. Nf3 Nc6 3. Bb5 a6 4. Ba4 Nf6 5. O-O Nxe4 6. d4 b5 7. Bb3 d5 8. dxe5
Be6 9. c3 Bc5 10. a4 b4 11. cxb4 Bxb4 12. Qc2 Ne7 13. Nd4 O-O 14. Nc3 Nc5 15.
Bg5 Bxc3 16. Qxc3 Ne4 17. Bxe7 Qxe7 18. Qc6 Nd2 19. Nxe6 Qxe6 20. Bxd5 Qxc6 21.
Bxc6 Rab8 22. Rfd1 Rxb2 23. Rac1 Rd8 24. Rc5 Rd4 25. Rd5 Rxd5 26. Bxd5 c5 27.
f4 Kf8 28. f5 Ke7 29. Re1 Rb1 30. Kf2 Rxe1 31. Kxe1 Nb1 32. h3 Nc3 33. Bb3 Ne4
34. a5 Ng3 35. f6+ gxf6 36. exf6+ Kxf6 37. Bc4 Ke5 38. Bxa6 Kd5 39. Bb5 Kd6 40.
Bd3 h5 41. h4 f5 42. Kf2 Ne4+ 43. Ke3 Nf6 44. Bxf5 Nd5+ 45. Kd2 Nf6 46. Kd3 Kd5
47. a6 Kc6 48. Ke3 Kb6 49. Kf4 Nd5+ 50. Ke4 Nc3+ 51. Ke5 Nd1 52. Bg6 Kxa6 53.
Bxh5 Ne3 54. Be2+ Kb6 55. g4 Kc7 56. h5 c4 57. Ke4 Ng2 58. Bxc4 Kd7 59. h6 Nh4
60. Bf7 Ke7 61. h7 Kd7 62. h8=Q Ng2 63. g5 Ne1 64. Be8+ Kc7 65. g6 Kb6 66. g7
Nc2 67. g8=Q Ka6 68. Qc4+ Kb7 69. Qc6+ Ka7 70. Qc7+ Ka8 71. Bf7# {
Hossa checkmated} 1-0